000 00849nas a2200265 4500
001 BR8806617
003 BR-BrBNA
005 20231205091333.0
007 ta
008 230509b bl.|||p| |||| 00| 00por d
040 _aBR-BrBNA
_bpor
_cBiblioteca Nacional de Agricultura
041 _a(Pt)
072 _aH20
100 1 _aRomeiro, R. da S.
100 1 _aFukuda, C.
100 1 _aAthayde, J.T.
245 1 _aCinetica da producao de anticorpos por coelhos como resposta a diferentes planos de imunizacao com Xanthomonas campestris pv. manihotis
650 _aPODRIDAO NEGRA
650 _aANTICORPO
650 _aIMUNIZACAO
650 _aANIMAL DE LABORATORIO
773 0 _tRevista Brasileira de Mandioca (Brazil)
_xISSN 0101-563X
_g(1982), v. 1(1) p. 1-6
_wBR8806617
909 _a202311
_bLúcia
_c55
_dLúcia Elande
942 _2AGRIS
_n0
_cANA
999 _c124439
_d124439